International environmental law, policy and ethics

में बचाया:
ग्रंथसूची विवरण
मुख्य लेखक: Alexander Gillespie
स्वरूप: पुस्तक
भाषा:Undetermined
प्रकाशित: Oxford Oxford Univ. Press 1997
विषय:
टैग : टैग जोड़ें
कोई टैग नहीं, इस रिकॉर्ड को टैग करने वाले पहले व्यक्ति बनें!
Thư viện lưu trữ: Trung tâm Học liệu Trường Đại học Cần Thơ
LEADER 00544nam a2200193Ia 4500
001 CTU_65369
008 210402s9999 xx 000 0 und d
020 |b 432000 
082 |a 341.7623 
082 |b G478 
100 |a Alexander Gillespie 
245 0 |a International environmental law, policy and ethics 
245 0 |c Alexander Gillespie 
260 |a Oxford 
260 |b Oxford Univ. Press 
260 |c 1997 
650 |a international law,environmental law 
904 |i Minh 
980 |a Trung tâm Học liệu Trường Đại học Cần Thơ